000 00544nam a2200193Ia 4500
005 20250508161601.0
008 008 250505s9999 xx 000 0 eng d
037 _aTextual
040 _aFEDL
_beng
_cFEDL
041 _aeng
_2eng
084 _a385, NCE
_qFEDL
100 _aNatesan L A
_9129337
245 0 _aRomance of transport
245 0 _cNCERT
260 _aNew Delhi, India
_bNational Council of Educational Research and Training
_c1971
300 _aii,77p.
942 _cTEXL
_h385, NCE
999 _c1370920
_d1370920